| 000 | 01030nam2a2200241 4500 | ||
|---|---|---|---|
| 001 | rc\2935074 | ||
| 005 | 20110822133749.7 | ||
| 035 | _a(NLR Aleph) 007084226 | ||
| 090 |
_a13598356 _c13598356 |
||
| 100 | _a20080417f19301939|||y0rusy50 ca | ||
| 101 | 0 | _arus | |
| 102 | _aRU | ||
| 105 | _ay z ||||| | ||
| 200 | 1 |
_aМатематика _fСост. А.Н. Колокольниковым _gПод ред. А.Г. Калашникова |
|
| 210 | _d[193?] | ||
| 461 | 0 |
_1001rc\2935072 _12001#$aИнструктивные карточки по самодельным приборам и учебным пособиям$eПособие для препод.$eДопущено Наркомпросом РСФСР. Серия 1-$fНауч.-исслед. ин-т политехн. образования$vСерия 3 |
|
| 702 | 1 |
_aКолокольников _bА. Н. _4220 |
|
| 702 | 1 |
_aКалашников _bА. Г. _4340 |
|
| 801 | 0 |
_aRU _bNLR _gpsbo |
|
| 801 | 1 |
_aRU _bELAR _2rusmarc |
|
| 852 |
_aNLR _j34-19/489 |
||
| 942 | _cBOOK | ||
| 980 | _aNB | ||